000
00315nam a22001217a 4500
008
170713b xxu||||| |||| 00| 0 eng d
041
_a
eng
080
_a
038
100
_a
038
101
_a
FJA
245
_a
THE LIVING WEBSTER ENCYCLOPEDIA DICTIONARY OF THE ENGLISH LANGUAGE
_c
PEI.M
942
_2
udc
_c
BK
999
_c
20399
_d
20399